প্রত্নতত্ত্বের সংক্ষিপ্ত ইতিহাস / (Record no. 2675)

MARC details
000 -LEADER
fixed length control field 01314nam a22002537a 4500
003 - CONTROL NUMBER IDENTIFIER
control field BD-DhJNU
005 - DATE AND TIME OF LATEST TRANSACTION
control field 20260413105709.0
008 - FIXED-LENGTH DATA ELEMENTS--GENERAL INFORMATION
fixed length control field 260413b |||||||| |||| 00| 0 eng d
020 ## - INTERNATIONAL STANDARD BOOK NUMBER
International Standard Book Number 9789849395416
040 ## - CATALOGING SOURCE
Original cataloging agency BD-DhJNU
Language of cataloging BEN
Transcribing agency BD-DhJNU
Modifying agency BD-DhJNU
082 ## - DEWEY DECIMAL CLASSIFICATION NUMBER
Edition number 23
Classification number 930.1
100 ## - MAIN ENTRY--PERSONAL NAME
Personal name ফেগান, ব্রায়ান
242 ## - TRANSLATION OF TITLE BY CATALOGING AGENCY
Title Brief history of archaeology /
Statement of responsibility, etc. Brian Fegan and Kazi Mahbub Hasan (Translators)
245 ## - TITLE STATEMENT
Title প্রত্নতত্ত্বের সংক্ষিপ্ত ইতিহাস /
Statement of responsibility, etc. ব্রায়ান ফেগান এবং কাজী মাহবুব হাসান (অনুবাদক)
260 ## - PUBLICATION, DISTRIBUTION, ETC.
Place of publication, distribution, etc. ঢাকা :
Name of publisher, distributor, etc. দিব্যপ্রকাশ,
Date of publication, distribution, etc. 2020.
300 ## - PHYSICAL DESCRIPTION
Extent ১৪৪ পৃ. :
Other physical details চিত্র ;
Dimensions ২২ সেমি.।
504 ## - BIBLIOGRAPHY, ETC. NOTE
Bibliography, etc. note গ্রন্থপঞ্জিগত নির্দেশিকা ও নিঘন্ট অন্তভূক্ত
650 ## - SUBJECT ADDED ENTRY--TOPICAL TERM
Topical term or geographic name entry element Archaeologists -- Biography
650 ## - SUBJECT ADDED ENTRY--TOPICAL TERM
Topical term or geographic name entry element প্রত্নতাত্ত্বিকদের সংক্ষিপ্ত জীবনী
650 ## - SUBJECT ADDED ENTRY--TOPICAL TERM
Topical term or geographic name entry element Ancient Civilization
650 ## - SUBJECT ADDED ENTRY--TOPICAL TERM
Topical term or geographic name entry element প্রাচীন সভ্যতা
700 ## - ADDED ENTRY--PERSONAL NAME
Personal name হাসান, কাজী মাহবুব
Relator term অনুবাদক
942 ## - ADDED ENTRY ELEMENTS (KOHA)
Source of classification or shelving scheme Dewey Decimal Classification
Koha item type Books
Suppress in OPAC No
Holdings
Withdrawn status Lost status Source of classification or shelving scheme Damaged status Not for loan Collection Home library Current library Shelving location Date acquired Source of acquisition Total checkouts Full call number Barcode Date last seen Copy number Price effective from Koha item type
    Dewey Decimal Classification     Non-fiction Jagannath University Central Library Jagannath University Central Library General stacks 04/13/2026 Purchase   930.1FEB JNUCL36213 04/13/2026 1 04/13/2026 Books